000 00648nam a22002417a 4500
003 UA-OsUOA
001 58791
007 ta
008 20090225b un ||||| |||| 00| 0 ukr d
100 _aЗінченко А.
090 _a262.12: 929
_bЗ-66
942 _cBK
040 _aUA-OsUOA
_bukr
_cUA-OsUOA
_dUA-OsUOA
245 _aМитрополит Василь Липківський
300 _a63 с.
955 _a1
041 _aukr
080 _a262.12: 929
020 _a966-8968-03-4
260 _aК.
_bАтлант ЮЕмСі
_c2007
650 7 _a26 Християнська Церква загалом
_2UDC
999 _c344787
_d344787